| 000 | 00481nam a2200181Ia 4500 | ||
|---|---|---|---|
| 005 | 20250322125102.0 | ||
| 008 | 240825s9999 xx 000 0 und d | ||
| 020 |
_a9789391270407 _qpbk |
||
| 041 | _aeng | ||
| 082 |
_a332.6322 _bFIS |
||
| 100 | _aFisher, Irving | ||
| 245 | 0 |
_aHow to invest When Prices Are Rising _c/Irving Fisher; |
|
| 250 | _a1st edition. | ||
| 260 |
_bMaven, _c2022. _aChennai: |
||
| 300 |
_a152 pages. : _c25cm. |
||
| 650 | _aEconomics | ||
| 942 | _cENGLISH | ||
| 999 |
_c555840 _d555840 |
||